Cambio técnico y modernización en el sector agropecuario en América Latina (Registro nro. 16387)

Detalles MARC
000 -LEADER
fixed length control field 00403 a2200121 4500
001 - CONTROL NUMBER
control field ART_3435
005 - DATE AND TIME OF LATEST TRANSACTION
control field 20260410161714.0
008 - FIXED-LENGTH DATA ELEMENTS--GENERAL INFORMATION
fixed length control field 260409a
100 1# - MAIN ENTRY--PERSONAL NAME
Personal name Piñeiro, Martín E.
245 10 - TITLE STATEMENT
Title Cambio técnico y modernización en el sector agropecuario en América Latina
700 1# - ADDED ENTRY--PERSONAL NAME
Personal name Trigo, Eduardo
773 0# - HOST ITEM ENTRY
Title Desarrollo económico
Related parts - Vol. 21, Nº 84 (ene./mar. 1982)
Record control number REV1174

No hay ítems disponibles.